Podoby stavieb podporujúcich turizmus v mikroregióne Horná Orava

Gespeichert in:
Bibliographische Detailangaben
1. Verfasser: Sádecký, Ivan (Verfasst von)
Weitere Verfasser: Bránický, Filip (Betreuung Doktorarbeit)
Format: Manuskript Buch
Sprache:Slowakisch
Veröffentlicht: 2025
Schlagworte:
Online-Zugang:http://is.stuba.sk/zp/portal_zp.pl?podrobnosti=167824
CRZP
Tags: Tag hinzufügen
Keine Tags, Fügen Sie das erste Tag hinzu!

MARC

LEADER 00000ntm a22000003a 4500
001 stuzp104704
003 SK-STU
005 20250731151039.6
007 ta
008 150427s2015----xo-----f-mn---000-0-slo-d
040 |a STU  |b slo 
041 0 |a slo 
100 1 |a Sádecký, Ivan  |u 010310  |4 aut  |U SvF Stavebná fakulta  |T SvF Katedra architektúry  |X 115191  |U V181|V310  |Y 19  |7 115191 
242 0 1 |a Architecture of tourist buildings in the Horná Orava microregion  |y eng 
245 1 0 |a Podoby stavieb podporujúcich turizmus v mikroregióne Horná Orava 
260 |c 2025 
650 4 |a Orava  |2 slo 
650 4 |a rozhľadne  |2 slo 
650 4 |a vyhliadková veža  |2 slo 
650 4 |a identita novostavieb  |2 slo 
650 4 |a drobná stavba  |2 slo 
650 4 |a lookout towers  |2 eng 
650 4 |a identity of new buildings  |2 eng 
650 4 |a small structures  |2 eng 
650 4 |a observation tower  |2 eng 
650 4 |a Orava  |2 eng 
700 1 |a Bránický, Filip  |u 010310  |k Z1  |4 ths  |U SvF Stavebná fakulta  |T SvF Katedra architektúry  |X 49264  |U V181|V310  |Y 19  |7 A000049264 
856 4 |u http://is.stuba.sk/zp/portal_zp.pl?podrobnosti=167824 
856 4 |u https://opac.crzp.sk/?fn=detailBiblioForm&sid=C9A1C75A261DD259FC88411E26A3  |z CRZP